[Event "Artemisa Province-ch final"]
[White "Gonzalez Arredondo, Lazaro A"]
[Black "Santander Valle, David A"]
[Site "Artemisa"]
[Round "8"]
[Result "1/2-1/2"]
[Date "2018.10.27"]
[WhiteElo "2000"]
[BlackElo "2018"]
[PlyCount "56"]
[EventDate "2018.10.23"]
[EventType "tourn"]
[EventRounds "10"]
[EventCountry "CUB"]
[SourceTitle "EXT 2021"]
[Source "ChessBase"]
[SourceDate "2020.10.23"]
[SourceVersion "1"]
[SourceVersionDate "2020.10.23"]
[SourceQuality "1"]

1. d4 Nf6 2. c4 e5 3. dxe5 Ng4 4. Nf3 Nc6 5. e4 Ngxe5 6. Nc3 Bb4 7. Nxe5 Nxe5 8. Qd4 d6 9. a3 Bc5 10. Qd2 Be6 11. f3 Qh4+ 12. Kd1 Nxc4 13. Bxc4 Bxc4 14. Nd5 Bb3+ 15. Ke2 Qf2+ 16. Kd3 Qd4+ 17. Ke2 Qxd2+ 18. Bxd2 Bxd5 19. exd5 Kd7 20. Kd3 Rae8 21. Rae1 Rxe1 22. Rxe1 Re8 23. Rxe8 Kxe8 24. Bc3 f6 25. h4 h5 26. g4 hxg4 27. fxg4 Bf2 28. h5 Kd7 1/2-1/2

[Event "Artemisa Province-ch final"]
[White "Vargas Rodriguez, Wilver"]
[Black "Santander Valle, David A"]
[Site "Artemisa"]
[Round "4"]
[Result "0-1"]
[Date "2018.10.25"]
[WhiteElo "2233"]
[BlackElo "2018"]
[PlyCount "88"]
[EventDate "2018.10.23"]
[EventType "tourn"]
[EventRounds "10"]
[EventCountry "CUB"]
[SourceTitle "EXT 2021"]
[Source "ChessBase"]
[SourceDate "2020.10.23"]
[SourceVersion "1"]
[SourceVersionDate "2020.10.23"]
[SourceQuality "1"]

1. d4 Nf6 2. Nc3 d5 3. Bf4 Bf5 4. f3 h6 5. e3 e6 6. Bd3 Bxd3 7. Qxd3 c6 8. e4 dxe4 9. fxe4 Qb6 10. 0-0-0 Na6 11. Nf3 Rd8 12. Rhf1 Bb4 13. Ne2 Qa5 14. a3 Be7 15. Bd2 Qc7 16. Ne5 Nc5 17. Qg3 Ncxe4 18. Qxg7 Rh7 19. Qxh7 Nxh7 20. Rxf7 Nhg5 21. Rg7 Kf8 22. Rg6 Nxd2 23. Rxd2 Bd6 24. Ng4 Rd7 25. Rxh6 Ne4 26. Rxe6 Nxd2 27. Kxd2 Bxh2 28. Kd3 Rg7 29. Ne3 Qf7 30. Re4 Qg6 31. Nc3 Re7 32. b4 Bg1 33. g4 Bxe3 34. Kxe3 Rxe4+ 35. Nxe4 Qxg4 36. Nc5 Qg3+ 37. Ke4 Qxa3 38. b5 cxb5 39. Nxb7 Qe7+ 40. Kf5 Qxb7 41. Kg6 Qe4+ 42. Kh6 Qg4 43. d5 Kf7 44. d6 Qg6# 0-1

[Event "Artemisa Province-ch final"]
[White "Santander Valle, David A"]
[Black "Gonzalez Arredondo, Lazaro A"]
[Site "Artemisa"]
[Round "3"]
[Result "1/2-1/2"]
[Date "2018.10.24"]
[WhiteElo "2018"]
[BlackElo "2000"]
[PlyCount "44"]
[EventDate "2018.10.23"]
[EventType "tourn"]
[EventRounds "10"]
[EventCountry "CUB"]
[SourceTitle "EXT 2021"]
[Source "ChessBase"]
[SourceDate "2020.10.23"]
[SourceVersion "1"]
[SourceVersionDate "2020.10.23"]
[SourceQuality "1"]

1. e4 e6 2. Qe2 Be7 3. g3 d5 4. exd5 exd5 5. Bg2 Nf6 6. Nf3 0-0 7. 0-0 c5 8. d3 Nc6 9. Bg5 Bg4 10. h3 Nd4 11. Qd1 Nxf3+ 12. Bxf3 Bxf3 13. Qxf3 a6 14. Bxf6 Bxf6 15. Nc3 Bxc3 16. bxc3 b6 17. a4 Re8 18. Rfe1 Qd6 19. a5 b5 20. Re3 d4 21. cxd4 cxd4 22. Re4 Rxe4 1/2-1/2

[Event "Francisco Martinez 8th tt"]
[White "Santander Valle, David A"]
[Black "Cabrera Gonzalez, Maximo Ariel"]
[Site "Santa Clara"]
[Round "10.2"]
[Result "1/2-1/2"]
[Date "2018.08.21"]
[WhiteElo "2099"]
[BlackElo "2009"]
[PlyCount "53"]
[EventDate "2018.08.16"]
[EventType "team-tourn"]
[EventRounds "10"]
[EventCountry "CUB"]
[EventCategory "8"]
[SourceTitle "EXT 2021"]
[Source "ChessBase"]
[SourceDate "2020.10.23"]
[SourceVersion "1"]
[SourceVersionDate "2020.10.23"]
[SourceQuality "1"]

1. e4 e5 2. Nf3 Nf6 3. Nxe5 d6 4. Nf3 Nxe4 5. Nc3 Nxc3 6. dxc3 Be7 7. Be3 Nc6 8. Qd2 Be6 9. 0-0-0 Qd7 10. Bd3 0-0-0 11. Nd4 Nxd4 12. cxd4 d5 13. Kb1 Rhe8 14. Rhe1 Bf6 15. c3 Bf5 16. Qc2 Bxd3 17. Qxd3 h6 18. Bf4 Rxe1 19. Rxe1 Re8 20. Rxe8+ Qxe8 21. Qe3 Qxe3 22. fxe3 c6 23. Kc2 Be7 24. g4 Kd7 25. Kd3 Ke6 26. e4 dxe4+ 27. Kxe4 1/2-1/2

[Event "Francisco Martinez 8th tt"]
[White "Cabrera Gonzalez, Maximo Ariel"]
[Black "Santander Valle, David A"]
[Site "Santa Clara"]
[Round "5.2"]
[Result "1-0"]
[Date "2018.08.18"]
[WhiteElo "2009"]
[BlackElo "2099"]
[PlyCount "121"]
[EventDate "2018.08.16"]
[EventType "team-tourn"]
[EventRounds "10"]
[EventCountry "CUB"]
[EventCategory "8"]
[SourceTitle "EXT 2021"]
[Source "ChessBase"]
[SourceDate "2020.10.23"]
[SourceVersion "1"]
[SourceVersionDate "2020.10.23"]
[SourceQuality "1"]

1. e4 c5 2. Nf3 d6 3. d4 cxd4 4. Nxd4 Nf6 5. Nc3 a6 6. Be3 e5 7. Nb3 Be6 8. f3 Be7 9. Qd2 0-0 10. 0-0-0 Nbd7 11. g4 b5 12. g5 b4 13. gxf6 bxc3 14. Qxc3 Nxf6 15. Na5 Qd7 16. Nc6 Rfc8 17. Nxe7+ Qxe7 18. Qa5 Rc6 19. Bb5 Rcc8 20. Bd3 Qc7 21. Qxc7 Rxc7 22. b3 d5 23. exd5 Nxd5 24. Be4 Rd7 25. c4 Rc8 26. Bd2 f6 27. Kb2 Ne7 28. Bb4 Rcd8 29. Rxd7 Rxd7 30. Bxe7 Rxe7 31. Rd1 Kf7 32. Rd6 f5 33. Bd3 Rd7 34. Rxd7+ Bxd7 35. c5 Bc8 36. Kc3 Ke6 37. Bc4+ Kd7 38. Bd5 g5 39. b4 Kc7 40. Kc4 Bd7 41. Bg8 h5 42. Kd5 e4 43. fxe4 Bc6+ 44. Ke5 fxe4 45. Kd4 g4 46. Be6 Kb7 47. Bf5 a5 48. a3 axb4 49. axb4 Kc7 50. Bxe4 Bd7 51. Ke5 h4 52. Kf4 g3 53. hxg3 hxg3 54. Kxg3 Kb8 55. Kf4 Ka7 56. Ke5 Bb5 57. Kd6 Ka6 58. Bc6 Bf1 59. b5+ Ka5 60. b6 Ka6 61. b7 1-0

[Event "Villa Roja de Artemisa tt"]
[White "Perez Grinan, Pedro Ernesto"]
[Black "Santander Valle, David A"]
[Site "Artemisa"]
[Round "7.1"]
[Result "1/2-1/2"]
[Date "2018.06.23"]
[WhiteElo "2071"]
[BlackElo "2001"]
[PlyCount "120"]
[EventDate "2018.06.20"]
[EventType "team-tourn"]
[EventRounds "9"]
[EventCountry "CUB"]
[SourceTitle "EXT 2021"]
[Source "ChessBase"]
[SourceDate "2020.10.23"]
[SourceVersion "1"]
[SourceVersionDate "2020.10.23"]
[SourceQuality "1"]

1. d4 Nf6 2. Bf4 d6 3. e3 g6 4. h3 Bg7 5. Be2 0-0 6. Nf3 Nbd7 7. 0-0 b6 8. Bh2 Bb7 9. c3 h6 10. a4 Re8 11. Re1 e5 12. Na3 Nh7 13. a5 c6 14. Nc4 Re6 15. dxe5 dxe5 16. a6 Bc8 17. Ncxe5 b5 18. Nxd7 Bxd7 19. Nd4 Bxd4 20. Qxd4 Qe7 21. Bg4 f5 22. Bf3 Ng5 23. Qf4 Rc8 24. Red1 Nxf3+ 25. Qxf3 Re4 26. Rd6 Be6 27. Rad1 Kf7 28. R6d4 Rxd4 29. exd4 Bb3 30. Rc1 Bd5 31. Qf4 Re8 32. f3 Qg5 33. Qxg5 hxg5 34. Be5 Bc4 35. b4 Ke6 36. Re1 Kd5 37. Kf2 Bb3 38. Bf6 Rxe1 39. Kxe1 Ke6 40. Bxg5 Kf7 41. Bd8 Be6 42. Bb6 Bc8 43. Bxa7 Bxa6 44. Kf2 Bc8 45. h4 Ke6 46. Ke3 Kd5 47. Kf4 Ke6 48. Kg5 Kf7 49. Bb8 Be6 50. g4 fxg4 51. fxg4 Bc4 52. Be5 Bd3 53. d5 cxd5 54. Bd4 Be2 55. Bf2 Bd1 56. Bd4 Be2 57. Bh8 Bd1 58. Kf4 Be2 59. Bd4 Bd1 60. Ba7 Be2 1/2-1/2

[Event "CUB-ch U18"]
[White "Santander Valle, David A"]
[Black "Perez Leiva, Jerzy Jesus"]
[Site "San Nicolas de Bari"]
[Round "9"]
[Result "0-1"]
[Date "2018.06.18"]
[WhiteElo "2001"]
[BlackElo "2295"]
[PlyCount "88"]
[EventDate "2018.06.13"]
[EventType "swiss"]
[EventRounds "9"]
[EventCountry "CUB"]
[SourceTitle "EXT 2021"]
[Source "ChessBase"]
[SourceDate "2020.10.23"]
[SourceVersion "1"]
[SourceVersionDate "2020.10.23"]
[SourceQuality "1"]

1. d4 Nf6 2. c4 e6 3. Nf3 b6 4. Bg5 Bb7 5. Nbd2 Be7 6. e3 h6 7. Bh4 d6 8. h3 Nbd7 9. Bd3 a6 10. Rc1 c5 11. 0-0 cxd4 12. exd4 Nh5 13. Bxe7 Qxe7 14. Be4 Bxe4 15. Nxe4 f5 16. Nc3 0-0 17. Re1 Qf7 18. Qb3 Rae8 19. Qa3 Nf4 20. Ne2 Nxe2+ 21. Rxe2 e5 22. Qxd6 Re6 23. Qa3 e4 24. d5 Rg6 25. Ne1 f4 26. Rxe4 Nc5 27. Re5 f3 28. Re3 fxg2 29. Rf3 Rf6 30. Rcc3 Qh5 31. Rxf6 Rxf6 32. Rf3 Rg6 33. Qe3 Rg5 34. Qf4 Kh7 35. b4 Nd7 36. Qe4+ Kh8 37. Nxg2 Nf6 38. Qd3 b5 39. Rg3 Re5 40. Nf4 bxc4 41. Qc2 Qf5 42. Ng6+ Kh7 43. Qxc4 Re1+ 44. Kg2 Ne4 0-1

[Event "Giraldilla de La Habana tt"]
[White "Gonzalez Munoz, Ariel"]
[Black "Santander Valle, David A"]
[Site "Havana"]
[Round "2.1"]
[Result "1/2-1/2"]
[Date "2018.??.??"]
[WhiteElo "2120"]
[BlackElo "2099"]
[PlyCount "44"]
[EventDate "2018.07.27"]
[EventType "team-tourn"]
[EventRounds "9"]
[EventCountry "CUB"]
[SourceTitle "EXT 2021"]
[Source "ChessBase"]
[SourceDate "2020.10.23"]
[SourceVersion "1"]
[SourceVersionDate "2020.10.23"]
[SourceQuality "1"]

1. c4 g6 2. Nc3 Bg7 3. Nf3 d6 4. g3 Nd7 5. Bg2 e5 6. d4 Ne7 7. dxe5 dxe5 8. 0-0 0-0 9. Qc2 c6 10. Rd1 Qc7 11. Rb1 a5 12. b3 Nf5 13. e3 Rd8 14. Ba3 Bf8 15. Bxf8 Kxf8 16. Qd2 b6 17. e4 Ng7 18. Bh3 f6 19. Rb2 Ke8 20. Qh6 Nf8 21. Rxd8+ Kxd8 22. Rd2+ Ke8 1/2-1/2